000 00606nam a2200229Ia 4500
008 101110s9999 xx 000 0 und d
041 _aENGLISH
082 _bSR26635
100 _aMarakarkandy Bijith
245 _aImage processing : an introduction
260 _c2003
_bVipul prakashan, Mumbai
300 _a390
365 _b210
520 _aComputer
520 _asent to MSC Computer Dept., 6/1/2005
546 _aENGLISH
630 _aImage processing : an introduction
650 _aComputer
655 _aComputer
730 _aImage processing : an introduction
942 _cBOOK
999 _c819217
_d819214